000 00931cam a2200241 i 4500
003 SA-RiAUC
005 20251031130658.0
008 251026s1980 ii g 00000 ara c
040 _aSA-JeALM
_bara
_cSA-RiAUC
_erda
082 0 4 _a210.8
090 _a210.8
_bن د و
100 1 _aالندوي، علي الحسني،
_d1913-1999
_eمؤلف.
245 1 0 _aبين الصورة والحقيقة /
_cأبو الحسن علي الحسني الندوي.
250 _aالطبعة الثالثة.
264 1 _aلكهنؤ، الهند :
_bالمجمع الإسلامي العلمي،
_c1980
300 _a20 صفحة ؛
_c18 سم.
336 _aنص
_btxt
_2rdacontent
_3كتاب
337 _aبدون وسيط
_bn
_2rdamedia
490 0 _aمطبوعات المجمع الإسلامي العلمي ؛
_v134
650 7 _aالإسلام
_vمتفرقات
_2aucsh
942 _2ddc
_cBOOK
_n0
949 _aSA-JeALM
_d251026
_uosman123
_n1
999 _c12873
_d12873